01407nam a22002657a 4500999001900000005001700019008004100036020001800077050002000095100002300115240009800138245014700236260006200383300002300445490003200468504006600500650003600566650003700602650003500639700002700674942001300701952014700714952014000861952014001001 c142827d14282520180731122212.0180731b mx ||||| |||| 00| 0 spa d a978607825796604aGN345bR67 20141 aRoseberry, William10aAnthropologies and histories : Essays in culture, history, and political economy. lEspañol10aAntropologías e historias : bensayos sobre cultura, historia y economía política / cWilliam Roseberry ; Traducción de Atenea Acevedo aZamora, Michoacán : bEl Colegio de Michoacán, c2014 a345 p. : c23 cm.  aColección Investigaciones aBibliografía p.: 281-328. Índice temático p. : 329-345. 72lembaAntropología política 72lembaAntropología económica 72lembaEtnologíaxFilosofía1 aAcevedo, Ateneaetrad. 2lcccLIB 102lcc4070aINV-033bINV-033cGENERALd2018-07-31f1a ed. iHkCNEoGN345 R67 2014pIIH000023314r2018-07-31 00:00:00t1v1.00yLIBzGENERAL 102lcc4070aINV-033bINV-033cGENERALd2023-09-22f1a ed.iHkCNEl0oGN345 R67 2014pIIH000035393r2023-09-22 00:00:00t2v1.00yLIB 102lcc4070aINV-033bINV-033cGENERALd2023-09-22f1a ed.iHkCNEl0oGN345 R67 2014pIIH000035394r2023-09-22 00:00:00t3v1.00yLIB